|
|
|
|
| LEADER |
01579nam a2200385 a 4500 |
| 001 |
EBC165579 |
| 003 |
MiAaPQ |
| 005 |
20200520144314.0 |
| 006 |
m o d | |
| 007 |
cr cn||||||||| |
| 008 |
950531s1996 enk sb 001 0 eng |
| 010 |
|
|
|z 95030095
|
| 020 |
|
|
|z 0415133149
|
| 035 |
|
|
|a (MiAaPQ)EBC165579
|
| 035 |
|
|
|a (Au-PeEL)EBL165579
|
| 035 |
|
|
|a (CaPaEBR)ebr10017142
|
| 035 |
|
|
|a (CaONFJC)MIL32433
|
| 035 |
|
|
|a (OCoLC)559704863
|
| 040 |
|
|
|a MiAaPQ
|c MiAaPQ
|d MiAaPQ
|
| 050 |
|
4 |
|a HD5706
|b .S817 1996
|
| 082 |
0 |
4 |
|a 331.12
|2 20
|
| 100 |
1 |
|
|a Strath, Bo,
|d 1943-
|
| 245 |
1 |
4 |
|a The organisation of labour markets
|h [electronic resource] :
|b modernity, culture, and governance in Germany, Sweden, Britain, and Japan /
|c Bo Strath.
|
| 260 |
|
|
|a London ;
|a New York :
|b Routledge,
|c 1996.
|
| 300 |
|
|
|a viii, 274 p.
|
| 490 |
1 |
|
|a Routledge explorations in economic history,
|x 1359-7892 ;
|v 2
|
| 504 |
|
|
|a Includes bibliographical references (p. 252-264) and index.
|
| 533 |
|
|
|a Electronic reproduction. Ann Arbor, MI : ProQuest, 2015. Available via World Wide Web. Access may be limited to ProQuest affiliated libraries.
|
| 650 |
|
0 |
|a Labor market
|x History
|y 20th century
|v Case studies.
|
| 650 |
|
0 |
|a Unemployment
|x History
|y 20th century
|v Case studies.
|
| 650 |
|
0 |
|a Industrial relations
|x History
|y 20th century
|v Case studies.
|
| 655 |
|
4 |
|a Electronic books.
|
| 710 |
2 |
|
|a ProQuest (Firm)
|
| 830 |
|
0 |
|a Routledge explorations in economic history ;
|v 2.
|
| 856 |
4 |
0 |
|u https://ebookcentral.proquest.com/lib/matrademy/detail.action?docID=165579
|z Click to View
|